| 000 | 00581nam a2200169 4500 | ||
|---|---|---|---|
| 999 |
_c121623 _d121623 |
||
| 005 | 20210313111101.0 | ||
| 008 | 210313b ||||| |||| 00| 0 eng d | ||
| 040 | _cPK-LaUMT | ||
| 082 |
_aRHC 320.95491 _bANW-D |
||
| 100 | _aAnwer Soofi, Muhammad = انور صوفی، محمد | ||
| 245 |
_aDaman-i-khiyal-i-watan = دامان خیال وطن/ _cby Muhammad Anwer Soofi= از محمد انور صوفی |
||
| 260 |
_aLahore : _bIdarah Muhammad Anwer Soofi, _c2000 |
||
| 300 | _a152 p. | ||
| 650 | _aPolitical condition-Pakistan | ||
| 650 | _aPakistan-Situation | ||
| 942 | _cBK | ||